000 00279nam a2200109Ia 4500
008 180205s9999 xx 000 0 und d
020 _a773040838
100 _aFindlay, Michael
245 _aPet guides cats /
260 _aUSA
_bCopp clark pitman Ltd.
_c1984
300 _a31, pages
999 _c354748
_d354748